Normal view
MARC view
Entry Personal Name
001 - CONTROL NUMBER
- control field: 30714
003 - CONTROL NUMBER IDENTIFIER
- control field: dpl
005 - DATE AND TIME OF LATEST TRANSACTION
- control field: 20110802101253.0
008 - FIXED-LENGTH DATA ELEMENTS
- fixed length control field: 110802|||a|||||| | ||| d
040 ## - CATALOGING SOURCE
- Original cataloging agency: dpl
- Transcribing agency: dpl
100 ## - HEADING--PERSONAL NAME
- Personal name: Mathur, P. R. G.
670 ## - SOURCE DATA FOUND
- Source citation: Work cat.: (dpl)0: Mathur, P. R. G., Sacred complex of the Guruvayur Temple /, 2009.
670 ## - SOURCE DATA FOUND
- Source citation: Work cat.: (dpl)0: Mathur, P. R. G., Sacred complex of the Guruvayur Temple /, 2009.
